| 000 | 00885nam a22002417a 4500 | ||
|---|---|---|---|
| 001 | EIF-VI-2006-M3-013 | ||
| 003 | OSt | ||
| 005 | 20221227191527.0 | ||
| 008 | 221227b |||||||| |||| 00| 0 eng d | ||
| 040 |
_aFundación Jesús Pereda _cFundación Jesús Pereda |
||
| 041 | _aCastellano | ||
| 100 |
_aScarpetta Larenti, Raúl Oscar _9912 |
||
| 111 |
_aEncuentro de Investigadores del Franquismo _c(Zaragoza. _d2006. _n6º) _998 |
||
| 245 |
_aFicciones del Franquismo en Juan Marsé _c/Raúl Oscar Scarpetta Larenti |
||
| 600 | 0 |
_9913 _aMarsé Carbó, Juan |
|
| 650 | 0 |
_9336 _aCultura |
|
| 650 | 0 |
_9549 _aLiteratura |
|
| 650 | 0 |
_9606 _aLibros |
|
| 650 | 0 |
_96 _aFranquismo |
|
| 773 |
_tActas del VI Encuentro de Investigadores del Franquismo _g461-464 p. |
||
| 856 | _uhttps://bibliotecaccoocyl.fundacionjesuspereda.es/cgi-bin/koha/opac-retrieve-file.pl?id=0b9e8aa91f5422be0debd0d9bb365fe1 | ||
| 942 |
_2ddc _cCF _n0 |
||
| 999 |
_c549 _d549 |
||